Grupos terapéuticos para familiares de enfermos de demencia : manual para profesionales /

Detalles Bibliográficos
Autores principales: Centenero de Arce, Fátima (Autor), López Marcos, Blanca (Autor)
Formato: Electrónico eBook
Lenguaje:español
Publicado: Madrid : Dykinson, S.L., [2024]
Materias:
Acceso en línea:Digitalia Hispánica

MARC

LEADER 00000nam a2200000 i 4500
001 DIGDYK3593
003 NyNyDIG
007 cr |||||||||||
008 250201s2024 sp a ob 000 0 spa d
006 m o d
035 |a (OCoLC)1446131339 
040 |a DGITA  |b eng  |e rda  |e pn  |c DGITA 
020 |a 9788410703919  |q eBook 
020 |z 9788410703506 
024 7 |a 10.14679/3246  |2 doi 
050 1 4 |a RC455.4.F3 ebook 
100 1 |a Centenero de Arce, Fátima,  |e author. 
245 1 0 |a Grupos terapéuticos para familiares de enfermos de demencia :  |b manual para profesionales /  |c Fátima Centenero de Arce, Blanca López Marcos. 
264 1 |a Madrid :  |b Dykinson, S.L.,  |c [2024] 
300 |a 1 online resource :  |b illustrations. 
336 |a text  |b txt  |2 rdacontent 
337 |a computer  |b c  |2 rdamedia 
338 |a online resource  |b cr  |2 rdacarrier 
347 |a text file  |2 rdaft 
347 |b PDF 
504 |a Includes bibliographical references. 
588 0 |a Online resource; title from PDF title page (Digitalia, viewed February 1, 2025) 
650 0 |a Families of the mentally ill  |x Services for. 
650 0 |a People with mental disabilities  |x Family relationships. 
700 1 |a López Marcos, Blanca,  |e author. 
791 2 |a Digitalia (Firm),  |e distributor. 
793 0 |g Digitalia eBook Collection:  |a Dykinson Editorial 
776 0 8 |i Print version:  |a Centenero de Arce, Fátima.  |t Grupos terapéuticos para familiares de enfermos de demencia.  |d Madrid : Dykinson, S.L., [2024]  |z 9788410703506 
856 4 0 |3 Digitalia Hispánica  |u https://www.digitaliapublishing.com/a/158832/ 
910 |a Premium collection: 2025